Sports Quiz

Random Sports or Cricket Quiz

Anyone but Brian Lara... Quiz Stats

 Plays Quiz not verified by Sporcle

Support Sporcle.
Go Orange.
Score 0/137 Timer 20:00
0 Plays Today
Hint Answer % Correct
Played in Lara's last test match
(Pakistan v West Indies at Karachi, 27.11.2006)
CH Gayle
97.7%
Scored a test match triple century in the 2000s
(Lara scored 400* v Eng at Antigua, 10.04.2004)
CH Gayle
97.7%
Scored 1000+ runs at the Cricket World Cup but never won
(Lara scored 1 225 runs from 1992 - 2007)
CH Gayle
97.7%
West Indies team to win the 2004 ICC Champions Trophy
(Lara scored 14 (28) and captained)
CH Gayle
97.7%
West Indian with a test match batting average of 50+
(Min. 20 innings - Lara averaged 53.17 from 230 innings)
Sir IVA Richards
95.1%
Captained the West Indies at the Cricket World Cup
(Lara captained in 1999 & 2007)
Sir IVA Richards
95.1%
Played in Lara's last test match
(Pakistan v West Indies at Karachi, 27.11.2006)
S Chanderpaul
94.5%
Scored a test match double century as captain in the 2000s
(Lara scored 4 double centuries as captain this decade)
S Chanderpaul
94.5%
West Indian with a test match batting average of 50+
(Min. 20 innings - Lara averaged 53.17 from 230 innings)
S Chanderpaul
94.5%
West Indies team to win the 2004 ICC Champions Trophy
(Lara scored 14 (28) and captained)
S Chanderpaul
94.5%
Scored a test match double century as captain in the 2000s
(Lara scored 4 double centuries as captain this decade)
RT Ponting
94%
Named in the inaugral ICC Test Team of the Year in 2004RT Ponting
94%
Played in Lara's last test match
(Pakistan v West Indies at Karachi, 27.11.2006)
JE Taylor
93.2%
Scored a test match triple century in the 1990s
(Lara scored 375 v Eng at Antigua, 16.04.1994)
MA Taylor
93.2%
Scored a test match double century as captain in the 1990s
(Lara scored 213 v Aus at Kingston, 13.03.1999)
MA Taylor
93.2%
Scored 1000+ runs at the Cricket World Cup but never won
(Lara scored 1 225 runs from 1992 - 2007)
LRPL Taylor
93.2%
Scored a test match double century as captain in the 2000s
(Lara scored 4 double centuries as captain this decade)
GC Smith
93%
Scored a test match double century as captain in the 2000s
(Lara scored 4 double centuries as captain this decade)
GC Smith
93%
Scored a test match double century as captain in the 2000s
(Lara scored 4 double centuries as captain this decade)
GC Smith
93%
Scored a test match triple century in the 2000s
(Lara scored 400* v Eng at Antigua, 10.04.2004)
DPMD Jayawardene
92.7%
Scored a test match triple century in the 2000s
(Lara scored 400* v Eng at Antigua, 10.04.2004)
ML Hayden
92.7%
Scored a test match double century as captain in the 2000s
(Lara scored 4 double centuries as captain this decade)
DPMD Jayawardene
92.7%
Scored a test match double century as captain in the 2000s
(Lara scored 4 double centuries as captain this decade)
DPMD Jayawardene
92.7%
Scored a test match double century as captain in the 2000s
(Lara scored 4 double centuries as captain this decade)
DPMD Jayawardene
92.7%
Named in the inaugral ICC Test Team of the Year in 2004ML Hayden
92.7%
Scored 1000+ runs at the Cricket World Cup but never won
(Lara scored 1 225 runs from 1992 - 2007)
DPMD Jayawardene
92.7%
Scored a test match double century as captain in the 1990s
(Lara scored 213 v Aus at Kingston, 13.03.1999)
SR Tendulkar
92.2%
Most ODI runs in a calendar year in the 1990s
(Lara scored 1 349 ODI runs in 1993 & 806 ODI runs in 1995)
SR Tendulkar
92.2%
Most ODI runs in a calendar year in the 1990s
(Lara scored 1 349 ODI runs in 1993 & 806 ODI runs in 1995)
SR Tendulkar
92.2%
Scored a test match triple century in the 1990s
(Lara scored 375 v Eng at Antigua, 16.04.1994)
GA Gooch
91.9%
Scored a test match double century as captain in the 1990s
(Lara scored 213 v Aus at Kingston, 13.03.1999)
GA Gooch
91.9%
Named PCA Player of the Year in the 1990s
(Lara was named PCA Player of the Year 1994)
GA Gooch
91.9%
Delivered a Cowdrey Lecture in the 2010s
(Lara spoke about the Spirit of Cricket in 2017)
Imran Khan
91.7%
Scored 1000+ runs at the Cricket World Cup but never won
(Lara scored 1 225 runs from 1992 - 2007)
KC Sangakkara
91.4%
Delivered a Cowdrey Lecture in the 2010s
(Lara spoke about the Spirit of Cricket in 2017)
KC Sangakkara
91.4%
Played in Lara's first test match
(Pakistan v West Indies at Lahore, 06.12.1990)
CA Walsh
91.2%
Named PCA Player of the Year in the 1990s
(Lara was named PCA Player of the Year 1994)
CA Walsh
91.2%
Scored a test match triple century in the 2000s
(Lara scored 400* v Eng at Antigua, 10.04.2004)
Younis Khan
90.9%
Scored a test match double century as captain in the 2000s
(Lara scored 4 double centuries as captain this decade)
Younis Khan
90.9%
Played in Lara's first test match
(Pakistan v West Indies at Lahore, 06.12.1990)
Sir CEL Ambrose
90.6%
Named in the inaugral ICC Test Team of the Year in 2004RS Dravid
90.6%
Named in the inaugral ICC Test Team of the Year in 2004AC Gilchrist
90.6%
Named in the inaugral ICC Test Team of the Year in 2004SK Warne
89.9%
Scored a test match double century as captain in the 2000s
(Lara scored 4 double centuries as captain this decade)
SP Fleming
89.6%
Scored a test match double century as captain in the 2000s
(Lara scored 4 double centuries as captain this decade)
SP Fleming
89.6%
Scored a test match double century as captain in the 2000s
(Lara scored 4 double centuries as captain this decade)
SP Fleming
89.6%
Hint Answer % Correct
Scored 1000+ runs at the Cricket World Cup but never won
(Lara scored 1 225 runs from 1992 - 2007)
SP Fleming
89.6%
Scored a test match triple century in the 2000s
(Lara scored 400* v Eng at Antigua, 10.04.2004)
V Sehwag
89.4%
Scored a test match triple century in the 2000s
(Lara scored 400* v Eng at Antigua, 10.04.2004)
V Sehwag
89.4%
Named in the inaugral ICC Test Team of the Year in 2004J Kallis
89.1%
Scored 1000+ runs at the Cricket World Cup but never won
(Lara scored 1 225 runs from 1992 - 2007)
JH Kallis
89.1%
Scored a test match triple century in the 1990s
(Lara scored 375 v Eng at Antigua, 16.04.1994)
DST Jayasuriya
88.6%
Scored a test match triple century in the 2000s
(Lara scored 400* v Eng at Antigua, 10.04.2004)
Inzamam-ul-Haq
88.1%
Scored 1000+ runs at the Cricket World Cup but never won
(Lara scored 1 225 runs from 1992 - 2007)
AB de Villiers
87.5%
Captained the West Indies at the Cricket World Cup
(Lara captained in 1999 & 2007)
Sir CH lloyd
87.3%
Captained the West Indies at the Cricket World Cup
(Lara captained in 1999 & 2007)
Sir CH lloyd
87.3%
Captained the West Indies at the Cricket World Cup
(Lara captained in 1999 & 2007)
Sir CH lloyd
87.3%
Captained the West Indies at the Cricket World Cup
(Lara captained in 1999 & 2007)
JO Holder
86.2%
Captained the West Indies at the Cricket World Cup
(Lara captained in 1999 & 2007)
JO Holder
86.2%
Scored 1000+ runs at the Cricket World Cup but never won
(Lara scored 1 225 runs from 1992 - 2007)
SC Ganguly
86%
Most ODI runs in a calendar year in the 1990s
(Lara scored 1 349 ODI runs in 1993 & 806 ODI runs in 1995)
SC Ganguly
86%
Most ODI runs in a calendar year in the 1990s
(Lara scored 1 349 ODI runs in 1993 & 806 ODI runs in 1995)
SC Ganguly
86%
Played in Lara's first test match
(Pakistan v West Indies at Lahore, 06.12.1990)
DL Haynes
85.2%
Played in Lara's first test match
(Pakistan v West Indies at Lahore, 06.12.1990)
Sir CG Greenidge
84.4%
Named in the inaugral ICC Test Team of the Year in 2004HH Gibbs
84.4%
Scored 1000+ runs at the Cricket World Cup but never won
(Lara scored 1 225 runs from 1992 - 2007)
HH Gibbs
84.4%
West Indian with a test match batting average of 50+
(Min. 20 innings - Lara averaged 53.17 from 230 innings)
GS Sobers
82.3%
Scored a test match double century as captain in the 1990s
(Lara scored 213 v Aus at Kingston, 13.03.1999)
AR Border
82.1%
Played in Lara's first test match
(Pakistan v West Indies at Lahore, 06.12.1990)
Sir RB Richardson
81.8%
Captained the West Indies at the Cricket World Cup
(Lara captained in 1999 & 2007)
Sir RB Richardson
81.8%
Captained the West Indies at the Cricket World Cup
(Lara captained in 1999 & 2007)
Sir RB Richardson
81.8%
Most ODI runs in a calendar year in the 1990s
(Lara scored 1 349 ODI runs in 1993 & 806 ODI runs in 1995)
Sir RB Richardson
81.8%
Delivered a Cowdrey Lecture in the 2010s
(Lara spoke about the Spirit of Cricket in 2017)
DJ Richardson
81.8%
Named in the inaugral ICC Test Team of the Year in 2004WPUJC Vaas
81.6%
Scored 1000+ runs at the Cricket World Cup but never won
(Lara scored 1 225 runs from 1992 - 2007)
TM Dilshan
81%
Played in Lara's last test match
(Pakistan v West Indies at Karachi, 27.11.2006)
RR Sarwan
80.5%
West Indies team to win the 2004 ICC Champions Trophy
(Lara scored 14 (28) and captained)
RR Sarwan
80.5%
Played in Lara's first test match
(Pakistan v West Indies at Lahore, 06.12.1990)
CL Hooper
80%
Scored a test match double century as captain in the 2000s
(Lara scored 4 double centuries as captain this decade)
CL Hooper
80%
Named in the inaugral ICC Test Team of the Year in 2004JN Gillespie
80%
Captained the West Indies at the Cricket World Cup
(Lara captained in 1999 & 2007)
CL Hooper
80%
Scored 1000+ runs at the Cricket World Cup but never won
(Lara scored 1 225 runs from 1992 - 2007)
Shakib al Hasan
79.2%
Named in the inaugral ICC Test Team of the Year in 2004SJ Harmison
79%
Scored a test match double century as captain in the 1990s
(Lara scored 213 v Aus at Kingston, 13.03.1999)
MD Crowe
77.4%
Captained the West Indies at the Cricket World Cup
(Lara captained in 1999 & 2007)
DJG Sammy
76.6%
Played in Lara's last test match
(Pakistan v West Indies at Karachi, 27.11.2006)
DJ Bravo
74.5%
West Indies team to win the 2004 ICC Champions Trophy
(Lara scored 14 (28) and captained)
DJ Bravo
74.5%
Played in Lara's last test match
(Pakistan v West Indies at Karachi, 27.11.2006)
D Ramdin
72.5%
Scored a test match double century as captain in the 1990s
(Lara scored 213 v Aus at Kingston, 13.03.1999)
Wasim Akram
72.5%
Most ODI runs in a calendar year in the 1990s
(Lara scored 1 349 ODI runs in 1993 & 806 ODI runs in 1995)
Javed Miandad
72.5%
Delivered a Cowdrey Lecture in the 2010s
(Lara spoke about the Spirit of Cricket in 2017)
RW Marsh
68.8%
Played in Lara's first test match
(Pakistan v West Indies at Lahore, 06.12.1990)
MD Marshall
66.2%
Hint Answer % Correct
Most ODI runs in a calendar year in the 1990s
(Lara scored 1 349 ODI runs in 1993 & 806 ODI runs in 1995)
DM Jones
64.4%
Most ODI runs in a calendar year in the 1990s
(Lara scored 1 349 ODI runs in 1993 & 806 ODI runs in 1995)
WJ Cronje
63.9%
Played in Lara's first test match
(Pakistan v West Indies at Lahore, 06.12.1990)
PJL Dujon
62.9%
Scored a test match double century as captain in the 2000s
(Lara scored 4 double centuries as captain this decade)
MS Atapattu
62.1%
Players to have scored a first class quadruple century
(Lara scored 501* for Warwickshire & 400* for West Indies)
GA Hick
61.3%
West Indian with a test match batting average of 50+
(Min. 20 innings - Lara averaged 53.17 from 230 innings)
ED Weekes
60.5%
Players to have scored a first class quadruple century
(Lara scored 501* for Warwickshire & 400* for West Indies)
Sir DG Bradman
59.5%
Played in Lara's first test match
(Pakistan v West Indies at Lahore, 06.12.1990)
IR Bishop
57.1%
Scored a test match double century as captain in the 1990s
(Lara scored 213 v Aus at Kingston, 13.03.1999)
Saleem Malik
54.8%
West Indian with a test match batting average of 50+
(Min. 20 innings - Lara averaged 53.17 from 230 innings)
CL Walcott
53.2%
Delivered a Cowdrey Lecture in the 2010s
(Lara spoke about the Spirit of Cricket in 2017)
BB McCullum
53.2%
Players to have scored a first class quadruple century
(Lara scored 501* for Warwickshire & 400* for West Indies)
Hanif Mohammad
52.5%
West Indian with a test match batting average of 50+
(Min. 20 innings - Lara averaged 53.17 from 230 innings)
GA Headley
50.1%
West Indies team to win the 2004 ICC Champions Trophy
(Lara scored 14 (28) and captained)
WW Hinds
49.6%
West Indies team to win the 2004 ICC Champions Trophy
(Lara scored 14 (28) and captained)
RO Hinds
49.6%
Delivered a Cowdrey Lecture in the 2010s
(Lara spoke about the Spirit of Cricket in 2017)
Sir IT Botham
49.4%
Wisden Cricketer of the Year in 1995KC Wessels
49.1%
Delivered a Cowdrey Lecture in the 2010s
(Lara spoke about the Spirit of Cricket in 2017)
SJA Taufel
45.2%
Named PCA Player of the Year in the 1990s
(Lara was named PCA Player of the Year 1994)
Waqar Younis
44.4%
Played in Lara's last test match
(Pakistan v West Indies at Karachi, 27.11.2006)
D Ganga
41.8%
West Indies team to win the 2004 ICC Champions Trophy
(Lara scored 14 (28) and captained)
IDR Bradshaw
39.2%
Named PCA Player of the Year in the 1990s
(Lara was named PCA Player of the Year 1994)
DG Cork
38.2%
Played in Lara's last test match
(Pakistan v West Indies at Karachi, 27.11.2006)
CD Collymore
37.7%
West Indies team to win the 2004 ICC Champions Trophy
(Lara scored 14 (28) and captained)
CD Collymore
37.7%
West Indies team to win the 2004 ICC Champions Trophy
(Lara scored 14 (28) and captained)
CO Browne
37.4%
Named PCA Player of the Year in the 1990s
(Lara was named PCA Player of the Year 1994)
SG Law
36.9%
Named PCA Player of the Year in the 1990s
(Lara was named PCA Player of the Year 1994)
PV Simmons
36.1%
Played in Lara's first test match
(Pakistan v West Indies at Lahore, 06.12.1990)
AL Logie
35.1%
Played in Lara's last test match
(Pakistan v West Indies at Karachi, 27.11.2006)
DBL Powell
34.3%
West Indies team to win the 2004 ICC Champions Trophy
(Lara scored 14 (28) and captained)
RL Powell
34.3%
Players to have scored a first class quadruple century
(Lara scored 501* for Warwickshire & 400* for West Indies)
WH Ponsford
26.8%
Players to have scored a first class quadruple century
(Lara scored 501* for Warwickshire & 400* for West Indies)
WH Ponsford
26.8%
Wisden Cricketer of the Year in 1995DE Malcolm
23.1%
Wisden Cricketer of the Year in 1995SJ Rhodes
22.1%
Named PCA Player of the Year in the 1990s
(Lara was named PCA Player of the Year 1994)
SP James
16.1%
Played in Lara's last test match
(Pakistan v West Indies at Karachi, 27.11.2006)
RS Morton
15.3%
Players to have scored a first class quadruple century
(Lara scored 501* for Warwickshire & 400* for West Indies)
AC MacLaren
15.3%
Delivered a Cowdrey Lecture in the 2010s
(Lara spoke about the Spirit of Cricket in 2017)
JM Brearley
12.5%
West Indian with a test match batting average of 50+
(Min. 20 innings - Lara averaged 53.17 from 230 innings)
CA Davis
11.4%
Delivered a Cowdrey Lecture in the 2010s
(Lara spoke about the Spirit of Cricket in 2017)
AW Greig
10.9%
Players to have scored a first class quadruple century
(Lara scored 501* for Warwickshire & 400* for West Indies)
BB Nimbalkar
8.1%
Named PCA Player of the Year in the 1990s
(Lara was named PCA Player of the Year 1994)
MB Loye
7.5%
Named PCA Player of the Year in the 1990s
(Lara was named PCA Player of the Year 1994)
S Watkin
5.7%
Players to have scored a first class quadruple century
(Lara scored 501* for Warwickshire & 400* for West Indies)
Aftab Baloch
5.5%
Wisden Cricketer of the Year in 1995TA Munton
3.1%

You're not logged in!

Compare scores with friends on all Sporcle quizzes.
OR
Log In

From the Vault

Most Popular TV Shows of the 1990s

by dp1990

Back in the '90s, network television still dominated the game.
Remove Ads.
Support Sporcle.
Get the best of Sporcle when you Go Orange. This ad-free experience offers more features, more stats, and more fun while also helping to support Sporcle. Thank you for becoming a member.

Show Comments

Extras

Top Quizzes Today


Score Distribution

Your Account Isn't Verified!

In order to create a playlist on Sporcle, you need to verify the email address you used during registration. Go to your Sporcle Settings to finish the process.

Report this User

Report this user for behavior that violates our Community Guidelines.

Details: